000 00873cam a2200241 i 4500
001 3185500
003 ARRUPE
005 20140912020007.0
008 761214s1960 za af 000 0 eng
010 _a 76378796
040 _aDLC
_cDLC
_dDLC
043 _af-za---
050 0 0 _aDT3108
_b.M875 1960
100 1 _aMorris, Colin,
_d1929-
_92084
245 1 0 _aBlack Government? :
_bA discussion between Colin Morris and Kenneth Kaunda.
260 _aLusaka, Northern Rhodesia :
_bUnited Society for Christian Literature,
_c1960.
300 _a116 p., [5] leaves of plates :
_bill. ;
_c22 cm.
651 0 _aZambia
_xPolitics and government
_yTo 1964.
_92085
651 0 _aRhodesia, Northern
_xPolitics
_xNationalism
_92086
700 1 _aKaunda, Kenneth D.
_q(Kenneth David),
_d1924-
_92087
906 _a7
_bcbc
_corignew
_d4
_encip
_f19
_gy-gencatlg
942 _2lcc
_cMONOGRAPH
_01
999 _c118241
_d118241